<?xml version="1.0" encoding="UTF-8"?>
<record
    xmlns:xsi="http://www.w3.org/2001/XMLSchema-instance"
    xsi:schemaLocation="http://www.loc.gov/MARC21/slim http://www.loc.gov/standards/marcxml/schema/MARC21slim.xsd"
    xmlns="http://www.loc.gov/MARC21/slim">

  <leader>00710nam a22001817a 4500</leader>
  <controlfield tag="008">190325b        cl ||||| |||| 00| 0 spa d</controlfield>
  <datafield tag="082" ind1=" " ind2=" ">
    <subfield code="a">331.0112 D748a 1971</subfield>
  </datafield>
  <datafield tag="100" ind1=" " ind2=" ">
    <subfield code="a">Downey, Ram&#xF3;n</subfield>
    <subfield code="9">21133</subfield>
  </datafield>
  <datafield tag="245" ind1="1" ind2="3">
    <subfield code="a">La autogesti&#xF3;n :</subfield>
    <subfield code="b">Di&#xE1;logo de Pol&#xED;tica y Esp&#xED;ritu</subfield>
    <subfield code="c">R. Downey, E. Ortega, M. Za&#xF1;artu.</subfield>
  </datafield>
  <datafield tag="260" ind1=" " ind2=" ">
    <subfield code="b">Santiago, Chile:</subfield>
    <subfield code="a">Instituto de Estudios Pol&#xED;ticos, IDEP,</subfield>
    <subfield code="c">1971.</subfield>
  </datafield>
  <datafield tag="300" ind1=" " ind2=" ">
    <subfield code="a">61 p.</subfield>
  </datafield>
  <datafield tag="500" ind1=" " ind2=" ">
    <subfield code="a">Colecci&#xF3;n Humberto Nogueira Alcal&#xE1;. C.2</subfield>
  </datafield>
  <datafield tag="650" ind1=" " ind2=" ">
    <subfield code="a">Participaci&#xF3;n en la administraci&#xF3;n de empresas</subfield>
    <subfield code="x">Empleados</subfield>
    <subfield code="z">Chile</subfield>
    <subfield code="9">21134</subfield>
  </datafield>
  <datafield tag="650" ind1=" " ind2=" ">
    <subfield code="a">Participaci&#xF3;n social</subfield>
    <subfield code="x">Pol&#xED;tica econ&#xF3;mica</subfield>
    <subfield code="9">21135</subfield>
  </datafield>
  <datafield tag="700" ind1=" " ind2=" ">
    <subfield code="a">Ortega, Eugenio</subfield>
    <subfield code="9">12042</subfield>
  </datafield>
  <datafield tag="700" ind1=" " ind2=" ">
    <subfield code="a">Za&#xF1;artu, Mario</subfield>
    <subfield code="9">21136</subfield>
  </datafield>
  <datafield tag="942" ind1=" " ind2=" ">
    <subfield code="2">ddc</subfield>
    <subfield code="c">LIBRO</subfield>
  </datafield>
  <datafield tag="999" ind1=" " ind2=" ">
    <subfield code="c">11927</subfield>
    <subfield code="d">11927</subfield>
  </datafield>
  <datafield tag="952" ind1=" " ind2=" ">
    <subfield code="0">0</subfield>
    <subfield code="1">0</subfield>
    <subfield code="2">ddc</subfield>
    <subfield code="4">0</subfield>
    <subfield code="7">0</subfield>
    <subfield code="8">CG</subfield>
    <subfield code="a">BC</subfield>
    <subfield code="b">BC</subfield>
    <subfield code="d">2019-03-25</subfield>
    <subfield code="e">donaci&#xF3;n</subfield>
    <subfield code="l">0</subfield>
    <subfield code="o">331.0112 D748a 1971 c.1</subfield>
    <subfield code="p">00018413</subfield>
    <subfield code="r">2019-03-25</subfield>
    <subfield code="w">2019-03-25</subfield>
    <subfield code="y">LIBRO</subfield>
  </datafield>
  <datafield tag="952" ind1=" " ind2=" ">
    <subfield code="0">0</subfield>
    <subfield code="1">0</subfield>
    <subfield code="2">ddc</subfield>
    <subfield code="4">0</subfield>
    <subfield code="7">0</subfield>
    <subfield code="8">CG</subfield>
    <subfield code="a">BC</subfield>
    <subfield code="b">BC</subfield>
    <subfield code="d">2025-09-05</subfield>
    <subfield code="e">donaci&#xF3;n</subfield>
    <subfield code="o">331.0112 D748a 1971 HNA</subfield>
    <subfield code="p">26235</subfield>
    <subfield code="r">2025-09-05</subfield>
    <subfield code="t">2</subfield>
    <subfield code="w">2025-09-05</subfield>
    <subfield code="y">LIBRO</subfield>
  </datafield>
</record>
